000 00837nam a22003010a 4500
001 PT42161
003 AR-LpoUNG
005 20210201010325.0
008 201001s2009||||ag |||||||||||||||||spa d
020 _a9789501112641
_c$2.50
040 _aAR-LpoUNG
_bspa
_eaacr
041 _aspa
044 _aag
082 0 _a808.068 3 671fan
100 1 _aWilde, Oscar
245 1 3 _aEl fantasma de Canterville :
_by otros cuentos
260 _aBuenos Aires :
_bSigmar,
_c2009.
300 _a70 p. :
_btbls., gráfs.
_3Impreso
490 0 _aClásicos juveniles
505 0 _aSugerido a partir de 12 años (etiqueta FUCSIA)
650 4 _aLITERATURA
650 4 _aNOVELAS
651 4 _aDOCUMENTOS TEORICOS O METODOLOGICOS
653 _aLITERATURA INFANTOJUVENIL
700 1 _aSam, Eleonora
_etr.
905 _a42161
942 _cLIB
999 _c50906
_d50906